| 000 | 00862nam a2200229 a 4500 | ||
|---|---|---|---|
| 001 | BRCA_81 | ||
| 005 | 20190320202855.0 | ||
| 008 | 840120s1973####gw-#######---#100-0#ger-# | ||
| 040 |
_aDLC _cDLC _dDLC |
||
| 041 | _ager | ||
| 044 | _agw | ||
| 050 | 4 |
_aAM5 _b.I36 1973 |
|
| 245 | 1 | 0 |
_aMuseologie _bBericht Über e. Internat _cSymposium. |
| 260 |
_aKöln : Deutsche UNESCO-Kommission _bPullach : Verlag Dokumentation _c1973 |
||
| 300 |
_a210 p. _c21 cm. |
||
| 500 | _aInforme de un Simposio Internacional, organizado en National Komitte Internacional Aléman Museumsrates (ICOM), en cooperación con la Comisión Alemana UNESCO, 8-13 marzo, 1971 en Munich | ||
| 504 | _aBibliografía: p. 208-210 | ||
| 611 | 2 | 4 |
_aInternationales Symposium Museologie _d1971 _cMunich _9332 |
| 650 | 1 | 4 |
_aMuseos _vCongresos _9333 |
| 650 | 1 | 4 |
_aMuseografía _vCongresos _9334 |
| 942 |
_2lcc _cB |
||
| 999 |
_c74 _d74 |
||